|
|
Lyric |
bang, bang, bang | | 7.1% | bang, bang, bang | | 7.1% | bang, bang, bang | | 7.1% | Arm | | 7.1% | window, | | 7.1% | chain | | 6.7% | 10 | | 6.7% | Pull | | 6.5% | ***** | | 6.5% | diamonds | | 6.3% | ****** | | 6.2% | stay | | 6% | doors | | 5.9% | doors | | 5.9% | swing | | 5.5% | ex | | 5.5% | automatic | | 5.4% | automatic | | 5.4% | automatic | | 5.4% | Mr. | | 5.4% | automatic | | 5.4% | another | | 5.4% | another | | 5.4% | phantom | | 5.1% | tryna' | | 4.9% | screaming | | 4.8% | Rari | | 4.8% | ice | | 4.8% | running | | 4.4% | racks | | 4.3% | Racks | | 4.3% | racks, | | 4.3% | telling | | 4% | buy | | 4% | louie belt | | 3.7% | chucks | | 3.7% | raw | | 3.7% | Eat | | 3.7% | match | | 3.6% | luck | | 3.6% | cut | | 3.6% | broke | | 3.6% | brain | | 3.4% | stupid | | 3.3% | stupid | | 3.3% | **** test | | 3.2% | legs | | 3.2% | u-haul, | | 3% | crewneck | | 3% | cake | | 3% | Lambo | | 3% | Chris | | 3% | sick, | | 2.9% | rolex | | 2.9% | ************* | | 2.9% | rub | | 2.7% | cupid | | 2.7% | Spades | | 2.6% | bucket, | | 2.6% | Tucker | | 2.6% | style | | 2.6% | Cooler | | 2.5% | sitting | | 2.5% | tub | | 2.3% | peace | | 2.2% | check, | | 2.2% | P Jet, | | 2.2% | shooting | | 2.2% | rather | | 2.2% | tomorrow | | 2.2% | nudist, | | 2.1% | buddhist | | 2.1% | strike, | | 2.1% | cargos, | | 1.9% | moet, | | 1.9% | babies | | 1.9% | Brandon | | 1.9% | Jacobs | | 1.9% | rake | | 1.8% | Lupus | | 1.8% | driver | | 1.8% | Swiss | | 1.6% | signs | | 1.6% | instead | | 1.6% | spot, | | 1.6% | Spent | | 1.6% | Audemar | | 1.5% | boozy, | | 1.5% | bought | | 1.5% | diet | | 1.5% | eating | | 1.5% | Panamera's | | 1.4% | lease | | 1.4% | biting | | 1.4% | 30 | | 1.4% | chauffeur, | | 1.2% | bogart | | 1.1% | Toccara | | 1.1% | T-Carti, | | 1% | Bulgari | | 1% |
|
Comments